Violencia y habitus Paramilitarismo en Colombia /

Detalles Bibliográficos
Autor principal: Koessl, Manfredo
Formato: eBook
Lenguaje:español
Publicado: Bogot:̀ Siglo del Hombre Editores, 2015
Materias:
Acceso en línea:Acceso restringido

MARC

LEADER 00000nam a22000007a 4500
005 20210420221541.0
007 cr|||| ||||
008 210420s2015 co |||||s|||| 00||0 spa d
020 |a 978-958-665-345-9 
035 |a 33210 
040 |a vLex 
090 |c 11480  |d 11480 
100 1 |a Koessl, Manfredo 
245 1 0 |a Violencia y habitus  |h [Recurso electrn̤ico] :  |b Paramilitarismo en Colombia /  |c Manfredo Koessl 
256 |a Servicio en ln̕ea 
260 |a Bogot:̀  |b Siglo del Hombre Editores,  |c 2015 
300 |a 1 recurso electrn̤ico 
500 |a Esta obra realiza un aporte a los estudios de la violencia en Colombia desde la Teora̕ de los Campos de Pierre Bourdieu. Frente a concepciones que le atribuyen al paramilitarismo la responsabilidad de ser una de las causas ms̀ importantes de la violencia en Colombia, ya sea como instrumento del Estado o de las ľites, este trabajo analiza las prc̀ticas del paramilitarismo como consecuencia de una trayectoria en el espacio social. 
506 1 |a Disponible solo en los productos indicados  |d vLex Global  |d vLex Global (Academic Edition, excluding Law Schools)  |d vLex Global (U.S. Academic Edition, Law Schools)  |d vLex Global (U.S. Academic Edition, excluding Law Schools)  |d vLex Global (Academic Edition, Law Schools) 
650 0 4 |a Ciencias sociales  |z Colombia 
650 0 4 |a Humanidades  |z Colombia 
740 0 |a vLex Libros (Servicio en ln̕ea) 
856 4 0 |u https://vlex.com/source/violencia-y-habitus-paramilitarismo-en-colombia-33210  |z Acceso restringido 
942 |c BOOK